000
00307nam a22001337a 4500
008
180306b xxu||||| |||| 00| 0 eng d
020
_a
9780201626902
041
_a
eng
080
_a
37
100
_a
25
101
_a
EDU
245
_a
TOUCHPOINTS THE ESSENTIALS REFERENCE
_c
BERRY.T.B
942
_2
udc
_c
BK
999
_c
44218
_d
44218